LEADER 00751nam0-22002891i-450- 001 990000971340403321 010 $a0-306-41073-7 035 $a000097134 035 $aFED01000097134 035 $a(Aleph)000097134FED01 035 $a000097134 100 $a20000920d1982----km-y0itay50------ba 101 0 $aeng 200 1 $aNuclear Fission Reactors$fI.R. Cameron 210 $aNew York$cPlenum Press$d1982 610 0 $aEnergia nucleare 610 0 $aReattori 676 $a539.74 700 1$aCameron,$bIan Raymond$045534 801 0$aIT$bUNINA$gRICA$2UNIMARC 901 $aBK 912 $a990000971340403321 952 $a34B-065$b13306$fFI1 959 $aFI1 996 $aNuclear Fission Reactors$9352779 997 $aUNINA DB $aING01 LEADER 01147nam 2200409 450 001 9910466945203321 005 20200520144314.0 010 $a1-4232-3488-X 035 $a(CKB)3710000001404131 035 $a(MiAaPQ)EBC4877028 035 $a(Au-PeEL)EBL4877028 035 $a(CaPaEBR)ebr11397710 035 $a(OCoLC)990741406 035 $a(EXLCZ)993710000001404131 100 $a20190123d2017 uy 0 101 0 $aeng 135 $aurcnu|||||||| 181 $ctxt$2rdacontent 182 $cc$2rdamedia 183 $acr$2rdacarrier 200 10$aBiochemistry 2 /$fauthor, Frank Miskevich, PhD 210 1$a[Place of publication not identified] :$cBarCharts, Inc.,$d[2017] 210 4$d©2017 215 $a1 online resource (6 pages) $cillustrations 311 $a1-4232-3325-5 606 $aChemistry$vOutlines, syllabi, etc 608 $aElectronic books. 615 0$aChemistry 676 $a540.76 700 $aMiskevich$b Frank$0964982 801 0$bMiAaPQ 801 1$bMiAaPQ 801 2$bMiAaPQ 906 $aBOOK 912 $a9910466945203321 996 $aBiochemistry 2$92189370 997 $aUNINA LEADER 01497nam a2200385 i 4500 001 991001052809707536 005 20020507182340.0 008 940519s1984 ||| ||| | eng 020 $a3540128999 035 $ab10794384-39ule_inst 035 $aLE01306298$9ExL 040 $aDip.to Matematica$beng 082 0 $a530.136 084 $aAMS 76P0 084 $aAMS 82A40 (1985) 084 $aAMS 82A45 (1985) 084 $aAMS 82A70 (1985) 084 $aQC175.2A1 100 1 $aCercignani, Carlo$017698 245 10$aKinetic theories and the Boltzmann equation :$blect. given at the 1st 1981 session of the Centro internazionale matematico estivo (C.I.M.E.), held at Montecatini, Italy, June 10-18, 1981 /$ced. C. Cercignani 260 $aBerlin ; New York :$bSpringer-Verlag,$c1984 300 $av, 243 p. :$bill. ;$c24 cm. 490 0 $aLecture notes in mathematics,$x0075-8434 ;$v1048 500 $aIncludes bibliographies 650 4$aBoltzmann equation 650 4$aEvolution equations$xCongresses 650 4$aKinetic theory of gases$xCongresses 650 4$aRarefied gas flows 650 4$aTransport theory$xCongresses 907 $a.b10794384$b23-02-17$c28-06-02 912 $a991001052809707536 945 $aLE013 76P05 CER11 (1984)$g1$i2013000123059$lle013$o-$pE0.00$q-$rl$s- $t0$u0$v0$w0$x0$y.i10895644$z28-06-02 996 $aKinetic Theories and the Boltzmann Equation$9352908 997 $aUNISALENTO 998 $ale013$b01-01-94$cm$da $e-$feng$gxx $h0$i1 LEADER 01059nam a2200265 i 4500 001 991001263249707536 005 20020507190229.0 008 960612s1976 it ||| | eng 035 $ab10823220-39ule_inst 035 $aLE01309542$9ExL 040 $aDip.to Matematica$beng 082 0 $a530.15 084 $aAMS 81-06 084 $aAMS 81-XX 100 1 $aFoà, Lorenzo$028048 245 10$aProceedings of the symposium on frontier problems in high energy physics :$bin honour of Gilberto Bernardini on his 70th birthday /$c[edited by Lorenzo Foà] 260 $aPisa :$bScuola Normale Superiore Pisa,$c1976 300 $a200 p. ;$c24 cm. 650 4$aQuantum theory$xCongresses 907 $a.b10823220$b02-04-14$c28-06-02 912 $a991001263249707536 945 $aLE013 81-XX FOA11 (1976)$g1$i2013000050966$lle013$o-$pE0.00$q-$rl$s- $t0$u0$v0$w0$x0$y.i10930693$z28-06-02 996 $aProceedings of the symposium on frontier problems in high energy physics$9924125 997 $aUNISALENTO 998 $ale013$b01-01-96$cm$da $e-$feng$git $h0$i1 LEADER 01005nam a2200241 i 4500 001 991001255229707536 005 20020502185751.0 008 941121s1981 it ||| | ita 035 $ab11485991-39ule_inst 035 $aPRUMB57624$9ExL 040 $aDip. SSSC - TEATRO$bita 110 2 $aCentro di studi sul teatro medioevale e rinascimentale$0448692 245 13$aLe laudi drammatiche umbre delle origini :$batti del v convegno di studio :$bViterbo, 22-23-24-25 maggio 1980 /$cCentro di studi sul teatro medioevale e rinascimentale 260 $aViterbo :$bUnion printing,$c1981 300 $a362 p. ;$c24 cm. 650 4$aLaudi drammatiche 650 4$aTeatro medievale 907 $a.b11485991$b21-09-06$c01-07-02 912 $a991001255229707536 945 $aLE021 CG27BISA25$g1$iLE021N-11615$lle021$o-$pE0.00$q-$rl$s- $t0$u0$v0$w0$x0$y.i1167734x$z01-07-02 996 $aLaudi drammatiche umbre delle origini$9812344 997 $aUNISALENTO 998 $ale021$b01-01-94$cm$da $e-$fita$git $h3$i1